Naplánujte si úspech úvahy o budovaní strategickej trhovej pozície
Z čoho vychádza marketingová stratégia podniku. Situácia na trhu podlieha neustálemu vývoju. Impulzy z externého prostredia - cieľoví zákazníci, makrofaktory spoločenského a vládneho charakteru.
Saved in:
| Main Author: | |
|---|---|
| Format: | Book Chapter |
| Language: | Slovak |
| Subjects: | |
| Tags: |
No Tags, Be the first to tag this record!
|
MARC
| LEADER | 00000naa a2200000 4500 | ||
|---|---|---|---|
| 001 | r047239 | ||
| 005 | 20231002114434.7 | ||
| 041 | 0 | |a slo | |
| 044 | |a SK | ||
| 245 | 1 | 0 | |a Naplánujte si úspech |b úvahy o budovaní strategickej trhovej pozície |c Elena Horská |
| 520 | |a Z čoho vychádza marketingová stratégia podniku. Situácia na trhu podlieha neustálemu vývoju. Impulzy z externého prostredia - cieľoví zákazníci, makrofaktory spoločenského a vládneho charakteru. | ||
| 610 | 2 | 0 | |a stratégia marketingová |
| 610 | 2 | 0 | |a marketing strategický |
| 610 | 2 | 0 | |a trh |
| 610 | 2 | 0 | |a zákazníci |
| 610 | 2 | 0 | |a prostredie podnikateľské |
| 610 | 2 | 0 | |a benchmarking |
| 100 | 1 | |a Horská, Elena | |